|
|
|
|
| LEADER |
00000nam a2200000 a 4500 |
| 001 |
vtls008640506 |
| 003 |
SK-MaSNL |
| 005 |
20260223135701.0 |
| 008 |
060330s xo frj o000 0 slo |
| 013 |
|
|
|a 284 890
|c patentový spis
|d 20060202
|e dátum nadobudnutia účinkov patentu (Vestník ÚPV SR č.:2/2006)
|d 20060109
|e dátum sprístupnenia patentu verejnosti
|
| 013 |
|
|
|a 1630-2000
|e číslo prihlášky
|d 19980804
|e dátum podania prihlášky
|d 20010806
|e dátum zverejnenia prihlášky (Vestník ÚPV SR č.: 08/2001)
|
| 013 |
|
|
|a 09/08397
|e číslo prioritnej prihlášky
|d 19980522
|e dátum podania prioritnej prihlášky
|
| 040 |
|
|
|a SNK
|b slo
|c SNK
|e AACR2
|
| 245 |
1 |
|
|a Farmaceutický prostriedok zahŕňajúci jadro a entrický povlak jadra a spôsob jeho prípravy
|
| 260 |
|
|
|a [Banská Bystrica]
|b Úrad priemyselného vlastníctva SR
|c 2006
|
| 999 |
|
|
|c 565752
|d 567682
|
| 952 |
|
|
|a SNK
|b SNK
|y PREZ
|7 0
|p 17A0499660
|o snkSK 284890
|i snk2006/6696
|8 0
|0 0
|1 0
|4 0
|d 2006-03-30
|l 0
|r 2026-02-23 13:57:01
|w 2026-02-23
|